LEADER 00619naa a2200157 i 4500 001 000000297752 003 CaOOAMICUS 005 20180831172611.0 008 180831n xx u000 u und u 013 $a5316 040 $aSeMil$bita 100 1 $aStabile, Francesco Michele,$d<1939- >.$0(OLS)http://semarc/name/4655 245 13$aIl clero siciliano nella prima metà dell'Ottocento. 650 4$aChiesa - Italia - Storia.$0(OLS)http://semarc/subject/736 773 0 $t[Problemi di storia della Chiesa].$kStoria della Chiesa$w()57921 996 $6245$aIl clero siciliano nella prima metà dell'Ottocento$9(OLS)http://semarc/title/373769 LEADER 00635naa a2200157 i 4500 001 000000307923 003 CaOOAMICUS 005 20180831172925.0 008 180831n it u000 u ita u 013 $a16852 040 $aSeMil$bita 100 1 $aGuglielminetti, Enrico <1963- >.$0(OLS)http://semarc/name/93638 245 10$aSe sia possibile aggiungere a Dio. 650 4$aDio - Filosofia.$0(OLS)http://semarc/subject/2018 773 0 $tFilosofia come servizio.$dMilano : V&P, 2009.$kMetafisica e storia della metafisica$z978-88-343-1847-8$gp.745-756$w()189921 996 $6245$aSe sia possibile aggiungere a Dio$9(OLS)http://semarc/title/383231